Normal view
MARC view
- الهمشري ، وليد عودة
Entry Personal Name
001 - CONTROL NUMBER
- control field: 12432
003 - CONTROL NUMBER IDENTIFIER
- control field: JO-AjAnu
005 - DATE AND TIME OF LATEST TRANSACTION
- control field: 20230606072307.0
008 - FIXED-LENGTH DATA ELEMENTS
- fixed length control field: 230606|| aca||aabn | a|a d
040 ## - CATALOGING SOURCE
- Original cataloging agency: JO-AjAnu
- Transcribing agency: JO-AjAnu
100 ## - HEADING--PERSONAL NAME
- Personal name: الهمشري ، وليد عودة
670 ## - SOURCE DATA FOUND
- Source citation: Work cat.: (JO-AjAnu)6401: الهمشري ، وليد عودة , author, عقود نقل التكنولوجيا : الالتزامات المتبادلة والشروط التقييدية " دراسة مقارنة "